000 00611nam a2200193 a 4500
001 60424
003 BD-RjUL
005 20211209080834.0
008 161231s1994 enka 00000 eng d
035 _a(BD-RjUL)60548
040 _aANL
_beng
_dANL
_cBD-RjUL
041 _aeng
082 _223
_a420.711
_bTEA 1994
245 1 0 _aTeacher development :
_bmaking the right moves /
_cEdited by Thomas Kral
260 _aUnited states :
_bEnglish teaching forum 1989-1993,
_cc1994
300 _a278 p. :
_bill. ;
_c16 cm.
650 _aEnglish language
_vStudy and teaching
_xForeign speakers.
_9179820
942 _2ddc
_cBK
999 _c60424
_d60424